Fundamentals of functional analysis
Saved in:
| Main Author: | |
|---|---|
| Format: | Book |
| Language: | English |
| Published: |
Dordrecht ; Boston :
Kluwer Academic Publishers,
c1996
|
| Series: | Kluwer texts in the mathematical sciences ;
; 12 |
| Subjects: | |
| Tags: |
Add Tag
No Tags, Be the first to tag this record!
|
MARC
| LEADER | 00000nam a2200000 i 4500 | ||
|---|---|---|---|
| 001 | 1/7600 | ||
| 008 | 000622s1996 eng d | ||
| 020 | |a 0-7923-3898-7 | ||
| 035 | |l 10062342 | ||
| 040 | |a GR-MY-UA |b gre |e aacr | ||
| 041 | 0 | |a eng | |
| 082 | 0 | |a 515.7 |2 (20) | |
| 100 | 1 | |a Kutateladze, S. S. |q (Semen Samsonovich) | |
| 245 | 1 | 0 | |a Fundamentals of functional analysis / |c by S.S. Kutateladze |
| 260 | |a Dordrecht ; Boston : |b Kluwer Academic Publishers, |c c1996 | ||
| 300 | |a xiv, 276p.; |b ill.; |c 25 cm. | ||
| 490 | 1 | |a Kluwer texts in the mathematical sciences |v ; 12 | |
| 504 | |a Includes bibliographical references (p. 237-254)and indexes | ||
| 650 | 0 | 0 | |a Functional analysis. |
| 830 | 0 | |a Kluwer texts in the mathematical sciences ; |v ; 12 | |
| 852 | |a INST |b SAMOS |e 20000622 |h 515.7 KUT |p 005300024420 |q 005300024420 |t BK |y 0 | ||
| 901 | |a BIBL3-2000-2 | ||
| 909 | |a Σ |b 080237 | ||
| 922 | |a 3ΕΛΗ |b 200004 |c ΚΠΣ |d GLORY | ||
| 950 | |a 116-1999-12-22 | ||
| 970 | |a ΜΑΛΑΓΑΡΗ |b ΦΩΤΕΙΝΗ |z 2000/07/17 | ||